Works by World Authors A-Z Quiz Stats

 Plays Quiz Updated Oct 14, 2018

Score 0/26 Timer 06:00
1 Play Today
Question Answer Wrong Answers
Dumas
France
The Three Musketeers
91.9%
The Red and the Black
0.9%
The Man Who Laughs
0.9%
In Search of Lost Time
1.2%
Cervantes
Spain
Don Quixote
91.1%
Don Juan Tenorio
2.8%
The Dog in the Manger
1.4%
Punishment Without Revenge
1.3%
Larsson
Sweden
The Girl with the Dragon Tattoo
81.8%
Let the Right One In
1.9%
Heidi
3.9%
The Red Room
1.5%
Ibsen
Norway
A Doll's House
79.2%
Miss Julie
3.6%
Rhinoceros
2.2%
Tartuffe
4.8%
García Márquez
Colombia
Love in the Time of Cholera
78.6%
City of Beasts
2.9%
The Alchemist
5%
Portrait in Sepia
4.1%
Tolstoy
Russia
Anna Karenina
71.7%
The Brothers Karamazov
12.9%
Dead Souls
0.9%
Fathers and Sons
1.6%
Achebe
Nigeria
Things Fall Apart
66.6%
The Prophet of Zongo Street
16.3%
Mine Boy
5.9%
The Orchard of Lost Souls
9.5%
Hesse
Germany
Steppenwolf
64.7%
Elective Affinities
2.6%
Death in Venice
7.6%
The Tin Drum
14.9%
Kundera
Czechia
The Unbearable Lightness of Being
63.1%
The Master and Margarita
8.9%
The Bald Soprano
6.7%
And Quiet Flows the Don
9.8%
Roy
India
The God of Small Things
62.4%
Kim
7.1%
The Satanic Verses
3.4%
The Kite Runner
13.8%
Welsh
Scotland (UK)
Trainspotting
58.7%
Ivanhoe
11.3%
Tara Road
5.1%
Knots and Crosses
10.6%
Blixen
Denmark
Out of Africa
52.5%
Fear and Trembling
7.8%
The Little Match Girl
24.3%
Silence in October
11.7%
Neruda
Chile
Twenty Love Poems and a Song of Despair
50.4%
One Hundred Years of Solitude
23.9%
Sonnets to Orpheus
5.9%
News of a Kidnapping
7.7%
Paton
South Africa
Cry, the Beloved Country
50%
The Power of One
9.2%
Go Tell it on the Mountain
9.6%
Long Walk to Freedom
18.1%
Xueqin
China
The Dream of the Red Chamber
48.9%
The Joy Luck Club
14.6%
Water Margin
12.5%
The Good Earth
9.5%
Zusak
Australia
The Book Thief
44.1%
Oscar and Lucinda
14.1%
Schindler's Ark
5.9%
The Sound of One Hand Clapping
21.1%
Fuentes
Mexico
The Death of Artemio Cruz
39.9%
The Red Pony
5.2%
The House of the Spirits
17.2%
The Bridge of San Luis Rey
28.3%
Oz
Israel
A Tale of Love and Darkness
38.2%
Rubaiyat
19.3%
A Thousand Splendid Suns
16.2%
Midnight's Children
13.8%
James
Jamaica
A Brief History of Seven Killings
37.7%
A Bend in the River
32.3%
The Dew Breaker
9.2%
Explosion in a Cathedral
9.4%
Urquhart
Canada
The Stone Carvers
33.5%
Alias Grace
11.8%
The Stone Angel
24.5%
Anne of Green Gables
16%
Yeats
Ireland
Sailing to Byzantium
30%
Finnegans Wake
29.3%
The Ballad of Reading Gaol
17%
The Lair of the White Worm
9.5%
Mishima
Japan
The Temple of the Golden Pavilion
29.1%
Thousand Cranes
24.9%
The Makioka Sisters
20.6%
Norwegian Wood
13.2%
Vargas Llosa
Peru
Conversation in the Cathedral
28.8%
The Witch of Portobello
12.3%
The Autumn of the Patriarch
19.5%
Eva Luna
24.8%
Quasimodo
Italy
Waters and Earths
27.9%
The Name of the Rose
16.2%
Six Characters in Search of an Author
24.9%
The Leopard
17.5%
Sienkiewicz
Poland
Quo Vadis
20.9%
Nostromo
17.5%
The Gulag Archipelago
20.3%
The Garden Party
27.4%
Euripides
Greece
The Trojan Women
20.1%
Lysistrata
18.6%
Oresteia
13.1%
Antigone
40.5%

You're not logged in!

Compare scores with friends on all Sporcle quizzes.
OR
Log In

Sporcle TV

Today on Sporcle TV


Watch our educational content, quiz creation guides, and fun videos on Sporcle TV.

Show Comments

Extras

Top Quizzes Today


Score Distribution

Your Account Isn't Verified!

In order to create a playlist on Sporcle, you need to verify the email address you used during registration. Go to your Sporcle Settings to finish the process.

Report this User

Report this user for behavior that violates our Community Guidelines.

Details: